01341 2200241 4500001002100000005001500021035002000036007000300056008004100059020002200100082001000122084001600132100003700148245013500185260003200320300004900352700003000401700002800431700003800459600001700497520056800514990001701082INLIS00000000000192020250213013906 a0010-0225000085ta250213 j 1 ind  a978-623-458-034-1 a741.5 a741.5 NUR k0 aNurhayati Pujiastuti (Pengarang)1 aKomik jago sains hafal Qur'an?bisa! /cNurhayati Pujiastuti; Penyunting, Jumi Haryani, Fitriawati; Ilustrasi, Wanda Endah Rahmania aDepok :bGema Insani,c2024 a96 hlm :bilust.,gambar,hitam putih ;c21 cm0 aJumi Haryani (Penyunting)0 aFitriawati (Penyunting)0 aWanda Endah Rahmania (Ilustrator) 4aKomik,Bacaan aMira dan Ali, kakak beradik ini ingin melakukan kebaikan. Mira mengajak Lili dan Keisya untuk membuat klub hafizhah. Akankah mereka berhasil membuat kebaikan? Apakah Ali berhasil mengajak teman-temannya untuk membentuk klub sains? Akankanh Ali berhasil melalukan percobaab-percobaan bersama teman-temannya? Akankan Mira, Lili, dan Keisya melanjutkan klub hafizhah bentukan mereka? Agar tidak penasaran, yuk kita membaca cerita keseruan Mira, Ali, dan kawan-kawannya di dalam komik ini. Koleksi juga Komik Baik lainnya, ya. Ada banyak cerita menarik lainnya, lho. a00262/K/2024